000 00918cam a2200265 4500
008 090401t1997 xxu||||| |||| 00| 0 eng d
020 _a0750637668
035 _a(Sirsi) u85676
041 _aeng
050 _a333.72
100 _aWhitelaw, Ken
245 _aISO 14001 environmental systems handbook.
260 _aOxford
_bButterworth-Heinemann Ltd.
_c1997
300 _axxii,290p. ; 24cm.
350 _a30
520 _aOutlines the scope and purpose of ISO 14001, the international environmental management standard. Highlights the process of implementation of an ISO 14001 compliant environmental management system as well as providing case studies.
650 _aECO MANAGEMENT AUDIT SCHEME
650 _aEMAS
650 _aEMS
650 _aENVIRONMENTAL MANAGEMENT SYSTEMS
650 _aISO 14001: 1996
690 _aENVIRONMENTAL AND LAND CONSULTANCY
942 _n0
948 _c17/04/1998
999 _c97061
_d97061